| 000 | 01893cam a22003855a 4500 | ||
|---|---|---|---|
| 001 | ocm84386468 | ||
| 003 | EG-ScBUE | ||
| 005 | 20220912104849.0 | ||
| 008 | 070119q2006 ua a f b 001 0 eng d | ||
| 020 | _a977424933X | ||
| 020 | _a9789774249334 | ||
| 035 | _a(OCoLC)ocm84386468 | ||
| 040 |
_aN15 _beng _erda _cN15 _dBAKER _dYDXCP _dMKN _dEG-ScBUE |
||
| 043 | _af-ua--- | ||
| 082 | 0 | 4 |
_a701.94820962 _bGAB _222 |
| 100 | 1 |
_aGabra, Gawdat, _eauthor. |
|
| 245 | 1 | 4 |
_aThe treasures of Coptic art : _bin the Coptic Museum and churches of Old Cairo / _cGawdat Gabra, Marianne Eaton-Krauss. |
| 250 | _aA supreme Council of antiquities edition. | ||
| 264 | 1 |
_aCairo ; _aNew York : _bAmerican University in Cairo Press, _c[2006?] |
|
| 300 |
_axvi, 283 pages : _bcolor illustrations, maps ; _c34 cm |
||
| 336 |
_2rdacontent _atext _btxt |
||
| 337 |
_2rdamedia _aunmediated _bn |
||
| 338 |
_2rdacarrier _avolume _bnc |
||
| 500 | _a"This book appears in conjunction with the reopening of the renovated and reinstalled Coptic Museum by Hosni Mubarak, President of Egypt, on June 25, 2006, following a lengthy closure in the aftermath of the 1992 earthquake."--Preface, p. ix. | ||
| 504 | _aIncludes bibliographical references and index. | ||
| 505 | 0 | _aHistory of the Coptic Museum -- Pagan art and Coptic art -- Nilotica -- Pharaonic elements in Cptic art and architecture -- Egyptian monasticism -- Old Testament themes -- Glorification of the holy virgin -- Pilgrimage -- Writing -- The Nag Hammadi library -- Articles of daily life -- Burials -- The church -- Churches of Old Cairo. | |
| 610 | 2 | 7 |
_aMatḥaf al-Qibṭī (Cairo, Egypt) _2BUEsh |
| 650 | 7 |
_aCoptic art _zEgypt _zCairo. _2BUEsh |
|
| 650 | 7 |
_aArt museums _zEgypt _zCairo. _2BUEsh |
|
| 651 | _2BUEsh | ||
| 653 |
_bENGGEN _cMay2019 |
||
| 655 |
_vReading book _934232 |
||
| 700 | 1 |
_aEaton-Krauss, Marianne, _eauthor. |
|
| 942 |
_2ddc _cBB |
||
| 999 |
_c27490 _d27461 |
||